000 00807nam a2200289Ia 4500
003 GCL
008 140319s9999 xx 000 0 ara d
040 _aGCL /
_cGCL
082 0 4 _a229.1
_bح م
100 1 _aحسين حسن سلامة
245 1 0 _aمن هدى القران /
_cحسين حسن سلامة
260 _a[S.N] :
_bالهيئة المصرية العامة للكتاب ،
_c1993
300 _a411 ص
490 _a
650 0 4 _aالاسلام
650 0 4 _aالسيرة النبوية
650 0 4 _aالنساء
650 0 4 _aالديانات
650 0 4 _aالطاعة
650 0 4 _aالنفاق
650 0 4 _aالمنافقون
650 0 4 _aالحق
650 0 4 _aالباطل
650 0 4 _aالقران
650 0 4 _aالقصص القرآنية
942 _2ddc
_cBK
999 _c29234
_d29234